000 00369nam a2200145Ia 4500
003 GCL
008 140319s9999 xx 000 0 eng d
040 _aGCL /
_cGCL
082 0 4 _a629.2
_bN L
100 1 _aNUNNEY, M. J.
245 1 0 _aLIGHT AND HEAVY VEHICLE TECHNOLOGY /
_cNUNNEY, M. J.
260 _a[S.N] :
_bLINACRE HOUSE
650 0 4 _aTECHNOLOGY
942 _2ddc
_cBK
999 _c11178
_d11178